| 000 | 00707nam a22001457a 4500 | ||
|---|---|---|---|
| 082 |
_a894.812 _bBEN/O |
||
| 100 | _aBENYAMIN | ||
| 245 | _aOTTAMARATHANAL | ||
| 246 |
_aOTTAMARATHANAL _bOTTAMARATHANAL |
||
| 260 |
_aTHRISSUR _bGREEN BOOKS _c2015 |
||
| 300 | _a149 | ||
| 520 | _a.സമ്പന്നതയുടെ തലങ്ങൾ നമ്മെ കൊണ്ടെത്തിക്കുന്ന നാട്യങ്ങളെക്കുറിച്ചാണ് ഇൗ ലേഖനത്തിൽ അദ്ദേഹംപറഞ്ഞിരിക്കുന... Read more at: https://www.manoramaonline.com/literature/bookreview/ottamarathanal-bookreview.html | ||
| 650 | _aEXPERIENCE | ||
| 942 | _cBK | ||
| 999 |
_c8475 _d8475 |
||